| 000 | 00427pab a2200169 454500 | ||
|---|---|---|---|
| 008 | 180718b2010 xxu||||| |||| 00| 0 eng d | ||
| 100 | _aPalcic, Donal | ||
| 245 | _aCostly business: privatisation and exchequer finances in Ireland | ||
| 260 | _c2010 | ||
| 300 | _ap.29-53. | ||
| 650 | _aPrivatization | ||
| 650 | _aPublic utilities | ||
| 700 | _aReeves, Eoin | ||
| 773 | _aAdministration | ||
| 908 | _aN | ||
| 909 | _a86993 | ||
| 999 |
_c86993 _d86993 |
||